000 00777cab a2200253 4500
001 ABS54741
008 090401t1996 xxu||||| |||| 00| 0 eng d
035 _a(Sirsi) u12080
041 _aeng
100 _aBenjamin, A.
245 _aManaging diversity
260 _c1996
350 _a0
490 _aHA Weekly
_v(450) 1 March 1996, 18-19(2)
520 _aAnalyses trends in housing association statistics following publication of the National Federation of Housing Directory and Yearbook 1996. North British manages the largest number of properties.
650 _aHOUSING ASSOCIATIONS
650 _aRANKINGS
650 _aRANKINGS
650 _aSOCIAL HOUSING
650 _aSTATISTICS
690 _aBlock management
_96220
942 _n0
948 _c04/03/1997
999 _c7729
_d7729